Central Library OPAC University of Rajshahi

Reports on Islamic education and Madrasah education in Bengal, 1861-1977 / (Record no. 38764)

MARC details
000 -LEADER
fixed length control field 01127nam a2200313 a 4500
001 - CONTROL NUMBER
control field 38764
003 - CONTROL NUMBER IDENTIFIER
rucl marc code BD-RjUL
005 - DATE AND TIME OF LATEST TRANSACTION
control field 20211209052845.0
008 - FIXED-LENGTH DATA ELEMENTS--GENERAL INFORMATION
fixed length control field 160222s1987 bg b 001 0 eng
035 ## - SYSTEM CONTROL NUMBER
System control number (BD-RjUL)38873
040 ## - CATALOGING SOURCE
Original cataloging agency DLC
Transcribing agency DLC
Modifying agency DLC
-- BD-RjUL
Language of cataloging eng
041 ## - LANGUAGE CODE
Language code of text/sound track or separate title eng
082 00 - DEWEY DECIMAL CLASSIFICATION NUMBER
Classification number 370.95492
Edition number 19
Author mark and year REP 1987
245 00 - TITLE STATEMENT
Title Reports on Islamic education and Madrasah education in Bengal, 1861-1977 /
Statement of responsibility, etc. compilation and annotation, Sekandar Ali Ibrahimy.
Number of part/section of a work Vol. 4
250 ## - EDITION STATEMENT
Edition statement 1st ed.
260 ## - PUBLICATION, DISTRIBUTION, ETC. (IMPRINT)
Place of publication, distribution, etc. Dhaka :
Name of publisher, distributor, etc. Islamic Foundation Bangladesh,
Date of publication, distribution, etc. 1987
300 ## - PHYSICAL DESCRIPTION
Pagination v. ;
Size 22 cm.
504 ## - BIBLIOGRAPHY, ETC. NOTE
Bibliography, etc Includes bibliographical references and index.
505 ## - FORMATTED CONTENTS NOTE
Formatted contents note Vol. 4 --
650 #0 - SUBJECT ADDED ENTRY--TOPICAL TERM
Topical term or geographic name as entry element Education
Geographic subdivision Bangladesh
-- History
9 (RLIN) 119571
Topical term or geographic name as entry element Islamic education
Geographic subdivision Bangladesh.
9 (RLIN) 119572
Topical term or geographic name as entry element Islamic education
Geographic subdivision India
-- Bengal
General subdivision History.
9 (RLIN) 119573
Topical term or geographic name as entry element Education
Geographic subdivision India
General subdivision History.
9 (RLIN) 119574
700 1# - ADDED ENTRY--PERSONAL NAME
Personal name Ibrahimy, Sekandar Ali.
710 2# - ADDED ENTRY--CORPORATE NAME
Corporate name or jurisdiction name as entry element Islamic Foundation Bangladesh)
9 (RLIN) 119576
942 ## - ADDED ENTRY ELEMENTS (KOHA)
Source of classification or shelving scheme Dewey Decimal Classification
Koha item type Books
Holdings
Lost status Source of classification or shelving scheme Damaged status Not for loan Collection code Permanent Location Current Location Shelving location Date acquired Source of acquisition Cost, normal purchase price Total Checkouts Full call number Date last seen Date checked out Copy number Koha item type
  Dewey Decimal Classification     Non-fiction Central Library, University of Rajshahi Central Library, University of Rajshahi   04/06/1988 Chairman, Arabic Dep. R.U. 125.00 1 370.95492 REP V-4 1987 14/05/2016 27/02/2016 C-2 Books
  Dewey Decimal Classification   Not For Loan Non-fiction Central Library, University of Rajshahi Central Library, University of Rajshahi Reading Room 04/06/1988 Chirmen of Arabic dept. 125.00   370.95492 REP V-4 1987 02/01/2017   C-1 Books